How to keep your wife happy. (Record no. 14654)

000 -LEADER
fixed length control field 00609nam a2200205 a 4500
001 - CONTROL NUMBER
control field :::00012487$&:&@@
003 - CONTROL NUMBER IDENTIFIER
control field OkBaRHE
005 - DATE AND TIME OF LATEST TRANSACTION
control field 20000607103419.0
008 - FIXED-LENGTH DATA ELEMENTS--GENERAL INFORMATION
fixed length control field s1976 j 000 0 eng u
040 ## - CATALOGING SOURCE
Transcribing agency
100 1# - MAIN ENTRY--PERSONAL NAME
Personal name Orr, William W.
245 10 - TITLE STATEMENT
Title How to keep your wife happy.
260 ## - PUBLICATION, DISTRIBUTION, ETC. (IMPRINT)
Place of publication, distribution, etc Wheaton, IL., :
Name of publisher, distributor, etc Scripture Press Publications
Date of publication, distribution, etc 1976
300 ## - PHYSICAL DESCRIPTION
Extent 32 p. ;
Dimensions 19 cm.
650 ## - SUBJECT ADDED ENTRY--TOPICAL TERM
Topical term or geographic name as entry element Interpersonal Relations
650 ## - SUBJECT ADDED ENTRY--TOPICAL TERM
Topical term or geographic name as entry element Marriage
650 ## - SUBJECT ADDED ENTRY--TOPICAL TERM
Topical term or geographic name as entry element Women
General subdivision Psychology
942 ## - ADDED ENTRY ELEMENTS (KOHA)
Source of classification or shelving scheme
Koha item type Books
Copies
Barcode Lost status Copy number Source of classification or shelving scheme Shelving location Full call number Date last seen Permanent Location Date acquired Withdrawn status Not for loan Damaged status Price effective from Koha item type
12487 1 General StacksHQ 734 .O752010-04-14RHEMA Bible Training College2010-04-14   2010-04-14Books